[Event "K41 Aabent Mesterskab 2006-07"]
[Site "Valby"]
[Date "2007.01.23"]
[Round "6"]
[White "Truelsen, Ole Illum"]
[Black "Nielsen, Morten"]
[Result "1/2-1/2"]
[WhiteElo "1786"]
[BlackElo "1921"]
[PlyCount "33"]
[EventDate "2006.??.??"]

1. c4 Nf6 2. Nc3 c5 3. g3 e6 4. e4 d5 5. e5 Nfd7 6. f4 dxc4 7. Bxc4 a6 8. Nf3
b5 9. Be2 Bb7 10. O-O Qb6 11. h3 Nc6 12. Kh2 Be7 13. d3 h5 14. Ne4 g6 15. Bd2
Nd4 16. Nxd4 cxd4 17. Bf3 1/2-1/2

[Event "K41 Aabent Mesterskab 2006-07"]
[Site "Valby"]
[Date "2007.01.23"]
[Round "6"]
[White "Weinreich, Per C"]
[Black "Olsen, Joe Flyckt"]
[Result "1-0"]
[WhiteElo "1800"]
[BlackElo "1712"]
[PlyCount "141"]
[EventDate "2006.??.??"]

1. e4 c5 2. Nc3 Nc6 3. Nge2 e5 4. d3 d6 5. g3 Bg4 6. Bg2 Nd4 7. O-O Nf3+ 8. Kh1
h5 9. h3 h4 10. Bxf3 Bxf3+ 11. Kh2 hxg3+ 12. fxg3 Bg4 13. h4 g5 14. Qe1 gxh4
15. gxh4 Bxe2 16. Nxe2 Rxh4+ 17. Kg2 Rg4+ 18. Kh3 Qd7 19. Rf5 Rg6 20. Kh2 Ne7
21. Rf3 Qg4 22. Rg3 Qh5+ 23. Rh3 Qg4 24. Qf2 O-O-O 25. Be3 Bg7 26. Rg1 Qxh3+
27. Kxh3 Rh8+ 28. Qh4 Rxh4+ 29. Kxh4 Rxg1 30. Nxg1 f5 31. Bg5 Bf8 32. exf5
Nxf5+ 33. Kg4 Nd4 34. c3 Ne6 35. Be3 b5 36. Nf3 Kd7 37. Kf5 a5 38. d4 exd4 39.
cxd4 cxd4 40. Nxd4 Nxd4+ 41. Bxd4 Kc6 42. Ke4 Be7 43. b3 Bd8 44. a4 b4 45. Bg7
Bh4 46. Bd4 Bg3 47. Bf6 Bf2 48. Bd8 Bb6 49. Bf6 d5+ 50. Kd3 Kd7 51. Bg7 Ke6 52.
Bh8 Bc7 53. Bd4 Kf5 54. Bc5 Kf4 55. Kd4 Kf3 56. Kxd5 Ke2 57. Kc4 Kd2 58. Bxb4+
axb4 59. Kxb4 Kd3 60. Kb5 Kc3 61. b4 Bg3 62. Ka5 Kc4 63. b5 Kb3 64. b6 Bf2 65.
b7 Ba7 66. Kb5 Bb8 67. a5 Ka3 68. a6 Ba7 69. Kc6 Kb4 70. b8=Q+ Bxb8 71. Kb7 1-0

[Event "K41 Aabent Mesterskab 2006-07"]
[Site "Valby"]
[Date "2007.02.06"]
[Round "7"]
[White "Christensen, Esben"]
[Black "Akdag, Dara Sevkan"]
[Result "1/2-1/2"]
[WhiteElo "2002"]
[BlackElo "1910"]
[PlyCount "88"]
[EventDate "2006.??.??"]

1. e4 c5 2. Nf3 d6 3. d4 cxd4 4. Nxd4 Nf6 5. Nc3 a6 6. Be2 e5 7. Nb3 Be7 8. Bg5
Be6 9. O-O O-O 10. Qd2 Nbd7 11. f4 Rc8 12. f5 Bc4 13. Rfe1 b5 14. a3 a5 15. Bf3
b4 16. axb4 axb4 17. Nd1 Nxe4 18. Bxe4 Bxg5 19. Qxd6 Be7 20. Qd2 Qb6+ 21. Kh1
Rfd8 22. Qe3 Nc5 23. Na5 Qa6 24. Nc6 Qxa1 25. Nxe7+ Kh8 26. Nf2 Qxb2 27. Nxc8
Rxc8 28. f6 g6 29. Rd1 Ne6 30. Qa7 Rf8 31. Nh3 Qa3 32. Qe7 Kg8 33. Qd6 Qc3 34.
Ng5 Bd5 35. Nxe6 fxe6 36. Bxd5 exd5 37. Qxd5+ Kh8 38. f7 Kg7 39. Rf1 Qd4 40.
Qe6 h6 41. Qf6+ Kh7 42. h3 Qc5 43. h4 e4 44. Qe6 e3 1/2-1/2

[Event "K41 Aabent Mesterskab 2006-07"]
[Site "Valby"]
[Date "2007.02.06"]
[Round "7"]
[White "Eiholt, Bjarne"]
[Black "Nielsen, Soren Skovso"]
[Result "1/2-1/2"]
[WhiteElo "1444"]
[BlackElo "1593"]
[PlyCount "51"]
[EventDate "2006.??.??"]

1. d4 Nf6 2. c4 g6 3. Nc3 Bg7 4. Bf4 c6 5. Nf3 d6 6. h3 Qa5 7. e3 Be6 8. Be2
Ne4 9. O-O Nxc3 10. bxc3 Nd7 11. Ng5 O-O 12. Nxe6 fxe6 13. Bg4 Rf6 14. Bg5 Qxg5
15. Bxe6+ Kh8 16. Bxd7 Rd8 17. Bg4 Qa5 18. Qb3 Qc7 19. Rab1 Rb8 20. Qa4 b6 21.
Bf3 Rc8 22. Rfc1 Rff8 23. Bg4 Rcd8 24. Bf3 Rc8 25. Bg4 Rcd8 26. Bf3 1/2-1/2

[Event "K41 Aabent Mesterskab 2006-07"]
[Site "Valby"]
[Date "2007.02.06"]
[Round "7"]
[White "Eriksson, Christian Altenburg"]
[Black "Tandrup, Michael"]
[Result "1-0"]
[WhiteElo "1985"]
[BlackElo "1866"]
[PlyCount "76"]
[EventDate "2006.??.??"]

1. e4 d5 2. exd5 Qxd5 3. Nf3 Nf6 4. d4 Bg4 5. Be2 e6 6. h3 Bxf3 7. Bxf3 Qa5+ 8.
Nd2 c6 9. O-O Be7 10. c3 O-O 11. Re1 Nbd7 12. Nc4 Qc7 13. Bg5 Nb6 14. Ne5 Nbd7
15. Qe2 Nxe5 16. dxe5 Nd5 17. Bd2 Rad8 18. Rad1 Rd7 19. Qe4 Rfd8 20. Bc1 Bc5
21. Qg4 Qb6 22. Qg3 Bf8 23. Be4 Ne7 24. Rxd7 Rxd7 25. Kh1 Qd8 26. Bc2 Ng6 27.
Qe3 b6 28. f4 Bc5 29. Qf3 Qh4 30. Re2 Qd8 31. Re1 Qh4 32. Rf1 Rd5 33. Be4 Rd8
34. Bxc6 a5 35. a3 Ne7 36. Be4 Nd5 37. Rd1 Qe7 38. Qd3 Rc8 1-0

[Event "K41 Aabent Mesterskab 2006-07"]
[Site "Valby"]
[Date "2007.02.06"]
[Round "7"]
[White "Hagen, Andreas Skytte"]
[Black "Madsen, Poul Henrik"]
[Result "0-1"]
[WhiteElo "2259"]
[BlackElo "2095"]
[PlyCount "70"]
[EventDate "2006.??.??"]

1. Nf3 d5 2. d4 c6 3. c4 e6 4. Qc2 dxc4 5. Qxc4 b5 6. Qc2 Bb7 7. Nbd2 Nd7 8.
Nb3 Ngf6 9. e4 Bb4+ 10. Bd2 Bxd2+ 11. Nfxd2 e5 12. dxe5 Nxe5 13. Nc5 Qb6 14.
Be2 Bc8 15. O-O O-O 16. Ndb3 Bg4 17. Bxg4 Nfxg4 18. Qe2 a5 19. Rac1 Rad8 20.
Rc2 a4 21. Nc1 Nf6 22. h3 Rfe8 23. b3 axb3 24. axb3 Ng6 25. Qf3 Rd4 26. Ne2
Rdd8 27. Ng3 Ne5 28. Qe3 Ng6 29. Ra1 Nd5 30. Qe1 Ndf4 31. Qc3 Nh4 32. Na6 Nhxg2
33. Qxc6 Qxc6 34. Rxc6 Nh4 35. Rc3 Nxh3+ 0-1

[Event "K41 Aabent Mesterskab 2006-07"]
[Site "Valby"]
[Date "2007.02.06"]
[Round "7"]
[White "Hjortkjaer, Rolf"]
[Black "Ottosen, Peder"]
[Result "1/2-1/2"]
[WhiteElo "1754"]
[BlackElo "1983"]
[PlyCount "76"]
[EventDate "2006.??.??"]

1. e4 c5 2. Nf3 e6 3. d4 cxd4 4. Nxd4 a6 5. c4 Nf6 6. Qd3 Nc6 7. Nxc6 bxc6 8.
Be2 Qc7 9. O-O d5 10. cxd5 cxd5 11. exd5 Nxd5 12. Bf3 Bb7 13. Bxd5 Bxd5 14. Nc3
Bb7 15. Be3 Bd6 16. h3 O-O 17. Rac1 Rad8 18. Qb1 Qe7 19. Ne4 Bb8 20. f3 Rfe8
21. Rfd1 Rd5 22. Bf2 f5 23. Nc5 Bc8 24. Rxd5 exd5 25. Re1 Qd8 26. Rxe8+ Qxe8
27. Qd3 Qe5 28. g3 Ba7 29. f4 Qd6 30. b4 h6 31. Bd4 Qe7 32. Kf2 Bxc5 33. Bxc5
Qe4 34. Qxe4 fxe4 35. Ke3 Bxh3 36. Kd4 Bg2 37. a4 Bf1 38. Kxd5 Bd3 1/2-1/2

[Event "K41 Aabent Mesterskab 2006-07"]
[Site "Valby"]
[Date "2007.02.06"]
[Round "7"]
[White "Hou, Mads"]
[Black "Edholm, Tommy"]
[Result "1-0"]
[WhiteElo "1537"]
[BlackElo "1138"]
[PlyCount "78"]
[EventDate "2006.??.??"]

1. e4 e5 2. d4 exd4 3. c3 dxc3 4. Bc4 Bc5 5. Bxf7+ Kf8 6. Bxg8 Qf6 7. Qf3 Kxg8
8. Qxf6 gxf6 9. Nxc3 Nc6 10. Nf3 d6 11. Nd5 Kf7 12. Nxc7 Rb8 13. Bf4 b6 14.
O-O-O Rd8 15. Nb5 Ke7 16. Nfd4 Nxd4 17. Nxd4 Bxd4 18. Rxd4 Rb7 19. Kb1 Rc7 20.
Rhd1 Rcd7 21. Rc4 a5 22. Rdc1 Ba6 23. R4c3 Ke6 24. f3 h5 25. Be3 b5 26. Rc6 Bb7
27. Rc7 b4 28. Bb6 Rxc7 29. Rxc7 Ba6 30. Bxa5 Bf1 31. g3 Bg2 32. Rc2 Bxf3 33.
Bxd8 Bxe4 34. Kc1 Bxc2 35. Kxc2 f5 36. Ba5 Kd5 37. Bxb4 Kc6 38. Kd3 Kd5 39. a4
Ke5 1-0

[Event "K41 Aabent Mesterskab 2006-07"]
[Site "Valby"]
[Date "2007.02.06"]
[Round "7"]
[White "Jorgensen, Orla Eilegaard"]
[Black "Krogh, Soren"]
[Result "0-1"]
[WhiteElo "1459"]
[BlackElo "1183"]
[PlyCount "52"]
[EventDate "2006.??.??"]

1. e4 e5 2. Nc3 Nc6 3. f4 exf4 4. Nf3 g5 5. h3 Bg7 6. d4 d6 7. Be2 Nh6 8. Qd3
a6 9. a3 b5 10. b4 O-O 11. Bd2 Kh8 12. h4 g4 13. Ng1 Qf6 14. O-O-O Nxd4 15. Rf1
Ne6 16. Qd5 Bd7 17. Bd1 a5 18. Nge2 axb4 19. axb4 Ra1+ 20. Kb2 Rfa8 21. Nxf4
R8a2+ 22. Qxa2 Rxa2+ 23. Kxa2 Qd4 24. Be1 Nxf4 25. Rxf4 Qe3 26. Nd5 Qa7+ 0-1

[Event "K41 Aabent Mesterskab 2006-07"]
[Site "Valby"]
[Date "2007.02.06"]
[Round "7"]
[White "Kristensen, Sascha"]
[Black "Kristensen, Steffen Michael"]
[Result "1-0"]
[WhiteElo "1345"]
[BlackElo "1275"]
[PlyCount "59"]
[EventDate "2006.??.??"]

1. d4 Nf6 2. c4 g6 3. Nc3 Bg7 4. e4 d6 5. f3 Nbd7 6. Bd3 e5 7. d5 Nc5 8. Bc2
O-O 9. Nge2 c6 10. Be3 cxd5 11. cxd5 b6 12. O-O Ba6 13. b4 Bxe2 14. Qxe2 Ncd7
15. Rac1 Nh5 16. Qd2 Qh4 17. Bf2 Qf4 18. Be3 Qh4 19. Nb5 Qe7 20. Bg5 Nhf6 21.
Bb3 a6 22. Nc3 Rfe8 23. Ne2 Qf8 24. Rc6 Rec8 25. Rfc1 Rxc6 26. dxc6 Nb8 27. Be3
b5 28. a4 Qe8 29. Qxd6 Nh5 30. Qc7 1-0

[Event "K41 Aabent Mesterskab 2006-07"]
[Site "Valby"]
[Date "2007.02.06"]
[Round "7"]
[White "Laursen, Niels Norskov"]
[Black "Weinreich, Per C"]
[Result "1-0"]
[WhiteElo "2100"]
[BlackElo "1800"]
[PlyCount "43"]
[EventDate "2006.??.??"]

1. e4 c5 2. Nf3 e6 3. d3 Nc6 4. Nbd2 d5 5. g3 Nf6 6. Bg2 Be7 7. O-O O-O 8. Re1
d4 9. e5 Nd5 10. h4 f6 11. exf6 gxf6 12. Ne4 e5 13. c4 dxc3 14. bxc3 Kh8 15.
Bh6 Rg8 16. d4 cxd4 17. cxd4 Bg4 18. dxe5 Nxe5 19. Nxe5 fxe5 20. Qb3 Qb6 21.
Ng5 Qxb3 22. Nf7# 1-0

[Event "K41 Aabent Mesterskab 2006-07"]
[Site "Valby"]
[Date "2007.02.06"]
[Round "7"]
[White "Mikkelsen, Nikolaj"]
[Black "Brondum, Eric"]
[Result "1-0"]
[WhiteElo "2281"]
[BlackElo "2100"]
[PlyCount "87"]
[EventDate "2006.??.??"]

1. e4 c5 2. Nf3 d6 3. d4 cxd4 4. Nxd4 Nf6 5. Nc3 a6 6. g3 e5 7. Nb3 Be6 8. Bg2
Be7 9. a4 Nc6 10. O-O O-O 11. Nd5 a5 12. Be3 Ra6 13. Nd2 Ng4 14. Nc4 Nxe3 15.
Ncxe3 Bg5 16. f4 Bh6 17. Qh5 Nb4 18. Rae1 f6 19. Bh3 Bf7 20. Qh4 Nxd5 21. exd5
Qb6 22. c4 exf4 23. gxf4 Re8 24. Rf3 Qd4 25. Kh1 Qe4 26. Ref1 Bg6 27. Be6+ Bf7
28. Bxf7+ Kxf7 29. Ng4 Bxf4 30. Nxf6 gxf6 31. Qxf4 Qxf4 32. Rxf4 Rb6 33. Rxf6+
Kg7 34. R1f2 Re1+ 35. Kg2 Rxb2 36. Rf7+ Kg6 37. Rxb2 Kxf7 38. Rxb7+ Kf6 39. Rd7
Ra1 40. Rxd6+ Ke5 41. Re6+ Kf5 42. c5 Rxa4 43. c6 Rc4 44. Re8 1-0

[Event "K41 Aabent Mesterskab 2006-07"]
[Site "Valby"]
[Date "2007.02.06"]
[Round "7"]
[White "Moller, Arne Vagn"]
[Black "Ibsen, Johan"]
[Result "0-1"]
[WhiteElo "1782"]
[BlackElo "1705"]
[PlyCount "67"]
[EventDate "2006.??.??"]

1. e4 e6 2. d4 d5 3. Nc3 Nf6 4. Bg5 Be7 5. e5 Nfd7 6. Bxe7 Qxe7 7. Qg4 f6 8.
Nf3 a6 9. Bd3 O-O 10. Qh4 g6 11. O-O-O c5 12. Rhe1 Nc6 13. exf6 Nxf6 14. dxc5
Qxc5 15. Ne5 d4 16. Na4 Qb4 17. Nxc6 bxc6 18. b3 Qa3+ 19. Kb1 Qd6 20. Bc4 c5
21. Rd3 Bd7 22. Nb2 Rae8 23. Rh3 Bb5 24. Qg5 Nd5 25. Bd3 Bxd3 26. Nxd3 Rf5 27.
Qh6 Re7 28. g4 Rff7 29. Ne5 Rg7 30. Nc4 Qc7 31. Rg3 e5 32. Qg5 Nc3+ 33. Kb2 e4
34. Qd5+ 0-1

[Event "K41 Aabent Mesterskab 2006-07"]
[Site "Valby"]
[Date "2007.02.06"]
[Round "7"]
[White "Naes, Flovin Tor"]
[Black "Radil, Casper"]
[Result "1-0"]
[WhiteElo "2227"]
[BlackElo "2104"]
[PlyCount "71"]
[EventDate "2006.??.??"]

1. c4 e6 2. g3 d5 3. Bg2 Nf6 4. d4 dxc4 5. Qa4+ Bd7 6. Qxc4 Bc6 7. Nf3 Nbd7 8.
Nc3 Be7 9. O-O O-O 10. Qd3 Rb8 11. Bf4 b5 12. a4 bxa4 13. Qc4 Bd5 14. Qxc7 Qxc7
15. Bxc7 Rxb2 16. Rxa4 Rc2 17. Nxd5 Nxd5 18. Be5 f6 19. Rxa7 N5b6 20. Bh3 Kf7
21. Bf4 g5 22. d5 exd5 23. Be3 Rd8 24. Nd4 Rc4 25. Nf5 Nc8 26. Rb7 Kf8 27. Nd4
Nc5 28. Rc7 Nb6 29. Nc6 Re8 30. Nxe7 d4 31. Nf5 dxe3 32. Nxe3 Nd5 33. Nxd5 Re5
34. Nxf6 Rc2 35. Rxc5 Rcxc5 36. Nd7+ 1-0

[Event "K41 Aabent Mesterskab 2006-07"]
[Site "Valby"]
[Date "2007.02.06"]
[Round "7"]
[White "Nielsen, Jens Holm"]
[Black "Nielsen, Kai Gylling"]
[Result "1/2-1/2"]
[WhiteElo "1780"]
[BlackElo "1672"]
[PlyCount "115"]
[EventDate "2006.??.??"]

1. f4 Nf6 2. Nf3 d5 3. e3 g6 4. b3 Bg7 5. Bb2 O-O 6. d3 c5 7. Nbd2 Nc6 8. Ne5
Nxe5 9. Bxe5 Ne8 10. Bxg7 Nxg7 11. Be2 Nf5 12. Nf1 Qc7 13. Bg4 e5 14. Bxf5 Bxf5
15. g4 Bd7 16. f5 Qb6 17. Ng3 c4 18. d4 cxb3 19. axb3 Bb5 20. Kf2 Rac8 21. Qd2
exd4 22. exd4 Rc6 23. Ra2 Rfc8 24. Rc1 Rc3 25. Nf1 Bxf1 26. Kxf1 Rf3+ 27. Kg1
Rfc3 28. Rf1 a6 29. Re1 Qf6 30. Re5 Qc6 31. fxg6 fxg6 32. Qg2 Rd8 33. g5 Kg7
34. Qe2 Rd7 35. Re6 Qc7 36. Re5 Qd8 37. h4 Qf8 38. Re8 Qd6 39. Qe5+ Qxe5 40.
Rxe5 Rh3 41. Ra5 Rxh4 42. Raxd5 Rxd4 43. Rxd4 Rxd4 44. Re7+ Kg8 45. Rxb7 Rd1+
46. Kf2 Rd2+ 47. Ke3 Rxc2 48. Rb8+ Kf7 49. Ke4 Rc5 50. Rb7+ Ke8 51. Rxh7 Rxg5
52. Ra7 a5 53. Kf4 Rb5 54. Kg4 Kd8 55. Ra6 g5 56. Ra7 Kc8 57. Rg7 Kb8 58. Rxg5
1/2-1/2

[Event "K41 Aabent Mesterskab 2006-07"]
[Site "Valby"]
[Date "2007.02.06"]
[Round "7"]
[White "Nielsen, Michael"]
[Black "Abildgaard, Kenneth"]
[Result "1-0"]
[WhiteElo "2043"]
[BlackElo "1470"]
[PlyCount "71"]
[EventDate "2006.??.??"]

1. d4 Nf6 2. Bg5 e6 3. e4 Be7 4. Bd3 Nc6 5. c3 h6 6. Bxf6 Bxf6 7. e5 Be7 8. Qg4
g5 9. h4 h5 10. Qg3 g4 11. Nd2 d6 12. f4 b6 13. O-O-O Bb7 14. f5 dxe5 15. fxe6
fxe6 16. Bg6+ Kd7 17. d5 exd5 18. Bf5+ Ke8 19. Bg6+ Kd7 20. Bxh5 Kc8 21. Bxg4+
Kb8 22. h5 Bg5 23. Kb1 Bf4 24. Qh3 Ne7 25. Ne2 Bh6 26. Nc4 Bg7 27. Rhf1 Qg8 28.
Ne3 Rh6 29. Ng3 Qh7+ 30. Ka1 Rf6 31. Ngf5 Bh6 32. Qh4 Nxf5 33. Qxf6 Bxe3 34.
Qd8+ Bc8 35. Bxf5 Kb7 36. Bxh7 1-0

[Event "K41 Aabent Mesterskab 2006-07"]
[Site "Valby"]
[Date "2007.02.06"]
[Round "7"]
[White "Nilsson, Erling"]
[Black "Truelsen, Ole Illum"]
[Result "1/2-1/2"]
[WhiteElo "1915"]
[BlackElo "1786"]
[PlyCount "56"]
[EventDate "2006.??.??"]

1. e4 e6 2. d4 d5 3. e5 c5 4. c3 Nc6 5. Nf3 f6 6. Be2 Qc7 7. O-O fxe5 8. dxe5
Nxe5 9. Nxe5 Qxe5 10. Bb5+ Bd7 11. Bxd7+ Kxd7 12. Qa4+ Ke7 13. Bf4 Qf5 14. Re1
Rd8 15. Re5 Qd3 16. Na3 Qa6 17. Qb5 Kf7 18. Bg5 Nf6 19. Rae1 Re8 20. Bxf6 Qxb5
21. Nxb5 gxf6 22. R5e2 e5 23. f4 e4 24. Rd1 d4 25. cxd4 cxd4 26. Nxd4 Bc5 27.
Kf1 Rd8 28. Red2 Bb4 1/2-1/2

[Event "K41 Aabent Mesterskab 2006-07"]
[Site "Valby"]
[Date "2007.02.06"]
[Round "7"]
[White "Olsen, Joe Flyckt"]
[Black "Nielsen, John Holm"]
[Result "0-1"]
[WhiteElo "1712"]
[BlackElo "1971"]
[PlyCount "36"]
[EventDate "2006.??.??"]

1. Nf3 d5 2. c4 c6 3. cxd5 cxd5 4. d4 Nf6 5. Nc3 Nc6 6. Bf4 e6 7. a3 Be7 8. b4
O-O 9. e3 Bd7 10. h3 Rc8 11. Qb3 a5 12. b5 a4 13. Nxa4 Qa5+ 14. Nd2 Ne4 15. Rd1
Na7 16. Nb2 Nxb5 17. f3 Bh4+ 18. g3 Nxg3 0-1

[Event "K41 Aabent Mesterskab 2006-07"]
[Site "Valby"]
[Date "2007.02.06"]
[Round "7"]
[White "Ringsborg, Allan"]
[Black "Krull, Carl"]
[Result "1-0"]
[WhiteElo "1591"]
[BlackElo "1375"]
[PlyCount "111"]
[EventDate "2006.??.??"]

1. b4 e5 2. Bb2 d5 3. Bxe5 Nc6 4. Bb2 Nxb4 5. a3 Nc6 6. e3 Nf6 7. h3 Bd6 8. Nf3
Qe7 9. c4 dxc4 10. Bxc4 Ne5 11. Nxe5 Bxe5 12. d4 Bd6 13. Nc3 c6 14. O-O g5 15.
d5 g4 16. h4 Nxd5 17. Nxd5 Qxh4 18. Nf4 Bxf4 19. exf4 Rg8 20. Re1+ Be6 21. Bxe6
Rd8 22. Bxg4+ Kf8 23. Qc2 Rxg4 24. Re3 Rxf4 25. Qc5+ Kg8 26. Rg3+ Rg4 27. Qe5
f6 28. Qe6+ Kf8 29. Qxg4 Qxg4 30. Rxg4 Kf7 31. Rf4 Rd6 32. Rb1 b5 33. Bd4 a5
34. Be3 Rd3 35. Ra1 Ke6 36. Rf3 Rd5 37. Bb6 b4 38. axb4 axb4 39. Re1+ Kf7 40.
Rc1 Rb5 41. Rxc6 b3 42. Rfxf6+ Ke7 43. Bd4 b2 44. Bxb2 Rxb2 45. Rh6 Kd7 46. Ra6
Kc8 47. Rxh7 Kb8 48. Rf6 Ka8 49. Rf8+ Rb8 50. Rxb8+ Kxb8 51. g4 Kc8 52. g5 Kd8
53. Rf7 Ke8 54. g6 Kd8 55. g7 Ke8 56. g8=Q# 1-0

[Event "K41 Aabent Mesterskab 2006-07"]
[Site "Valby"]
[Date "2007.02.06"]
[Round "7"]
[White "Sorensen, Hans Erik Then"]
[Black "Rasmussen, Morten(1956)"]
[Result "0-1"]
[WhiteElo "1544"]
[BlackElo "1742"]
[PlyCount "64"]
[EventDate "2006.??.??"]

1. d4 d5 2. Nf3 Nc6 3. c4 Bg4 4. e3 e5 5. dxe5 dxc4 6. Be2 Qxd1+ 7. Bxd1 O-O-O
8. O-O Bxf3 9. Bxf3 Nxe5 10. Be2 Nd3 11. Nc3 Nf6 12. e4 h6 13. Be3 Nxb2 14.
Rab1 Nd3 15. f3 a6 16. a4 Nd7 17. Nd5 Bc5 18. Bxc5 N7xc5 19. Rfd1 Nxa4 20. Bxd3
cxd3 21. Rxd3 c6 22. Ne7+ Kc7 23. Rdb3 b5 24. Rc1 c5 25. Nd5+ Kb7 26. Ra1 Nb6
27. Rba3 Nxd5 28. exd5 Rd6 29. Re3 Rhd8 30. Re7+ R8d7 31. Rxd7+ Rxd7 32. Re1 c4
0-1

[Event "K41 Aabent Mesterskab 2006-07"]
[Site "Valby"]
[Date "2007.02.06"]
[Round "7"]
[White "Taylor, Ralph"]
[Black "Lichtenberg, Ivan"]
[Result "1-0"]
[WhiteElo "1876"]
[BlackElo "1258"]
[PlyCount "29"]
[EventDate "2006.??.??"]

1. e4 c5 2. Nf3 Nc6 3. d4 cxd4 4. Nxd4 e6 5. Nxc6 bxc6 6. Bd3 Bc5 7. O-O d6 8.
Nc3 Ne7 9. Kh1 O-O 10. Qh5 Ng6 11. f4 Bb7 12. f5 exf5 13. exf5 Ne5 14. f6 Nxd3
15. Qg5 1-0

[Event "K41 Aabent Mesterskab 2006-07"]
[Site "Valby"]
[Date "2007.02.13"]
[Round "8"]
[White "Brondum, Eric"]
[Black "Eriksson, Christian Altenburg"]
[Result "1-0"]
[WhiteElo "2100"]
[BlackElo "1985"]
[PlyCount "85"]
[EventDate "2006.??.??"]

1. d4 Nf6 2. Bg5 c5 3. Bxf6 gxf6 4. d5 d6 5. g3 Qb6 6. Qc1 Bh6 7. e3 Nd7 8. Nf3
f5 9. c4 Bg7 10. Nc3 Nf6 11. Bd3 Ne4 12. Qc2 Nxc3 13. bxc3 Qa5 14. Rc1 Bd7 15.
O-O e6 16. e4 f4 17. e5 O-O-O 18. Ng5 Rhf8 19. exd6 Bh6 20. Nxh7 Rh8 21. Rb1
Ba4 22. Qb2 Qa6 23. Nf6 Rxd6 24. Ne4 Rb6 25. Qa3 Bf8 26. d6 Bc6 27. Qxc5 fxg3
28. hxg3 f5 29. d7+ Kd8 30. Qe5 Rh6 31. Qb8+ Kxd7 32. Qxf8 Rh1+ 33. Kxh1 fxe4
34. Qg7+ Ke8 35. Be2 Rxb1 36. Rxb1 Qxa2 37. Bh5+ Kd8 38. Rd1+ Kc8 39. Qf8+ Kc7
40. Qd6+ Kb6 41. Kg1 e3 42. Qd4+ Ka6 43. Qxe3 1-0

[Event "K41 Aabent Mesterskab 2006-07"]
[Site "Valby"]
[Date "2007.02.13"]
[Round "8"]
[White "Edholm, Tommy"]
[Black "Eiholt, Bjarne"]
[Result "0-1"]
[WhiteElo "1138"]
[BlackElo "1444"]
[PlyCount "62"]
[EventDate "2006.??.??"]

1. e4 c6 2. d4 d5 3. exd5 cxd5 4. c4 Nf6 5. Nc3 e6 6. Nf3 Be7 7. Bd3 O-O 8. O-O
Nc6 9. Bg5 Nb4 10. Ne5 Nxd3 11. Qxd3 dxc4 12. Qxc4 a6 13. a4 Bd7 14. Qb3 Rb8
15. Bf4 Bd6 16. Nxf7 Rxf7 17. Bxd6 Rc8 18. Rfe1 Ne8 19. Ne4 Bc6 20. Be5 Bd5 21.
Qh3 Rc2 22. f3 h6 23. Nc5 Qg5 24. Bg3 Qf6 25. Rf1 Qxd4+ 26. Bf2 Rxf2 27. Rxf2
Qxc5 28. Re1 Nd6 29. Qh5 Rf5 30. Qh4 Rg5 31. Kh1 Nf5 0-1

[Event "K41 Aabent Mesterskab 2006-07"]
[Site "Valby"]
[Date "2007.02.13"]
[Round "8"]
[White "Hjortkjaer, Rolf"]
[Black "Jorgensen, Kasper Moller"]
[Result "1/2-1/2"]
[WhiteElo "1754"]
[BlackElo "1930"]
[PlyCount "60"]
[EventDate "2006.??.??"]

1. e4 c5 2. Nf3 d6 3. d4 cxd4 4. Nxd4 Nf6 5. Nc3 a6 6. g3 e5 7. Nb3 Be6 8. Bg2
Bc4 9. Nd2 Qc7 10. Nxc4 Qxc4 11. Qe2 Qxe2+ 12. Kxe2 Nc6 13. Bg5 Nd4+ 14. Kd3
Ng4 15. Raf1 h6 16. Bd2 Nf6 17. Be3 Ne6 18. f3 Be7 19. Rc1 b5 20. Rhd1 Rc8 21.
Ke2 O-O 22. Nd5 Nxd5 23. Rxd5 Rc6 24. c3 Rfc8 25. Ra1 Nc5 26. Rad1 Na4 27. R1d2
R8c7 28. h4 Nb6 29. Bxb6 Rxb6 30. Bf1 Kf8 1/2-1/2

[Event "K41 Aabent Mesterskab 2006-07"]
[Site "Valby"]
[Date "2007.02.13"]
[Round "8"]
[White "Kristensen, Steffen Michael"]
[Black "Nielsen, Soren Skovso"]
[Result "1-0"]
[WhiteElo "1275"]
[BlackElo "1593"]
[PlyCount "41"]
[EventDate "2006.??.??"]

1. Nf3 d5 2. d4 Nc6 3. g3 g6 4. Bg2 Bg7 5. Bf4 e6 6. Nc3 a6 7. e4 dxe4 8. Nxe4
Nxd4 9. O-O Nxf3+ 10. Qxf3 e5 11. Rad1 Qe7 12. Rfe1 Be6 13. Be3 f5 14. Ng5 Nh6
15. Nxe6 Qxe6 16. Qxb7 O-O 17. Bd5 Qxd5 18. Qxd5+ Nf7 19. Bc5 Rfe8 20. Qc4 Bf6
21. Rd7 1-0

[Event "K41 Aabent Mesterskab 2006-07"]
[Site "Valby"]
[Date "2007.02.13"]
[Round "8"]
[White "Krogh, Soren"]
[Black "Frederiksen, Alan"]
[Result "0-1"]
[WhiteElo "1183"]
[BlackElo "1638"]
[PlyCount "66"]
[EventDate "2006.??.??"]

1. b3 d5 2. Bb2 c5 3. Nf3 Nc6 4. d3 d4 5. Nbd2 e5 6. g3 Be6 7. Bg2 f5 8. Nc4
Bd6 9. Qd2 Bc7 10. O-O-O Nf6 11. h4 Bd5 12. h5 Qd7 13. h6 g6 14. Nh4 Bxg2 15.
Nxg2 O-O-O 16. Qg5 Nd5 17. Rh4 b5 18. Na3 a6 19. f4 Rde8 20. fxe5 Bd8 21. Qd2
Bxh4 22. gxh4 Rxe5 23. Rf1 Rhe8 24. Rf2 Qe7 25. h5 g5 26. Kd1 f4 27. Ne1 Ne3+
28. Kc1 Ng4 29. Rg2 Rxe2 30. Rxe2 Qxe2 31. Qxe2 Rxe2 32. Nf3 Nce5 33. Nxg5 f3
0-1

[Event "K41 Aabent Mesterskab 2006-07"]
[Site "Valby"]
[Date "2007.02.13"]
[Round "8"]
[White "Krull, Carl"]
[Black "Jorgensen, Orla Eilegaard"]
[Result "0-1"]
[WhiteElo "1375"]
[BlackElo "1459"]
[PlyCount "144"]
[EventDate "2006.??.??"]

1. e4 d6 2. d4 Nf6 3. Nc3 g6 4. Bg5 Bg7 5. Bc4 a6 6. a3 b5 7. Ba2 Bb7 8. f3
Nbd7 9. Nge2 c5 10. dxc5 dxc5 11. Qd2 O-O 12. Bh6 Qc7 13. Bxg7 Kxg7 14. Nf4
Rfd8 15. Ncd5 Nxd5 16. Nxd5 Qd6 17. Qg5 e6 18. Nf4 c4 19. O-O Qd4+ 20. Kh1 Qxb2
21. Qe7 Qf6 22. Qxf6+ Nxf6 23. Rfd1 Kf8 24. Kg1 Ke7 25. Kf2 Rd7 26. Rxd7+ Nxd7
27. c3 Rd8 28. a4 Nc5 29. axb5 axb5 30. Re1 g5 31. Ne2 Nd3+ 32. Kf1 Nxe1 33.
Kxe1 Ra8 34. Nc1 f5 35. exf5 exf5 36. Kd1 Kf6 37. Bb1 Ke5 38. Ne2 Rd8+ 39. Ke1
g4 40. f4+ Kf6 41. g3 Bf3 42. Nd4 Be4 43. Bxe4 Re8 44. Nxb5 Rxe4+ 45. Kf2 Ke6
46. Nd4+ Kf6 47. Nc6 Re8 48. Ne5 Rxe5 49. fxe5+ Kxe5 50. Ke3 h5 51. Kf2 Ke4 52.
Ke2 f4 53. Kf2 fxg3+ 54. Kxg3 Kd3 55. Kh4 Kxc3 56. Kxh5 Kd3 57. Kxg4 c3 58. h4
c2 59. Kg5 c1=Q+ 60. Kg6 Qg1+ 61. Kh6 Ke4 62. h5 Kf5 63. Kh7 Qa7+ 64. Kh6 Qb6+
65. Kh7 Kg5 66. h6 Qxh6+ 67. Kg8 Qc6 68. Kf7 Kf5 69. Kg7 Qd7+ 70. Kh6 Qe6+ 71.
Kg7 Qf6+ 72. Kg8 Qe7 0-1

[Event "K41 Aabent Mesterskab 2006-07"]
[Site "Valby"]
[Date "2007.02.13"]
[Round "8"]
[White "Madsen, Poul Henrik"]
[Black "Naes, Flovin Tor"]
[Result "0-1"]
[WhiteElo "2095"]
[BlackElo "2227"]
[PlyCount "64"]
[EventDate "2006.??.??"]

1. d4 d5 2. Nf3 e6 3. e3 c6 4. Ne5 Bd6 5. Qg4 g6 6. Bd3 Qc7 7. f4 f6 8. O-O Ne7
9. c4 fxe5 10. fxe5 Bxe5 11. dxe5 Qxe5 12. Qf3 Nd7 13. Qf7+ Kd8 14. Nc3 Rf8 15.
Qxf8+ Nxf8 16. Rxf8+ Kd7 17. Bd2 b6 18. Raf1 Bb7 19. R8f7 c5 20. cxd5 exd5 21.
Bb5+ Bc6 22. e4 Bxb5 23. Nxb5 Qxb2 24. Rxe7+ Kxe7 25. Bg5+ Kd7 26. a4 dxe4 27.
Rd1+ Ke6 28. Nc7+ Kf5 29. Rd5+ Kg4 30. Nxa8 Qe2 31. Bd2 e3 32. Bc3 Qf2+ 0-1

[Event "K41 Aabent Mesterskab 2006-07"]
[Site "Valby"]
[Date "2007.02.13"]
[Round "8"]
[White "Nielsen, Jens Holm"]
[Black "Moller, Arne Vagn"]
[Result "1-0"]
[WhiteElo "1780"]
[BlackElo "1782"]
[PlyCount "33"]
[EventDate "2006.??.??"]

1. e4 c5 2. c3 d5 3. exd5 Qxd5 4. d4 Nf6 5. Nf3 Nc6 6. Be2 c4 7. Nbd2 b5 8. a4
Ba6 9. axb5 Bxb5 10. O-O Ne4 11. Nxe4 Qxe4 12. Nd2 Qd5 13. b3 cxb3 14. c4 Qxd4
15. Nxb3 Qxd1 16. Rxd1 Bxc4 17. Bxc4 1-0